00554nam a22001817a 450000500170000001000140001702000230003102000260005403500130008003700130009308200120010624501120011826000360023027000420026630000250030850000190033370000200035220100731134115.0 aENG-96994 a8125029915c345.00 a9788125029915c345.00 aEN-80527 bDBAD/PUB a601.954 aHealth,medicine and empire :bperspectives on colonial India /cedited by Biswamoy Pati [and] Mark Harrison aNew DelhibOrient Longmanc2006 a1/24 Asaf Ali RoadbNew Delhie110002 ax,408p.c22 cm (pbk) aIncludes index aHarrison , Mark